Concierge vždy k službám
Úloha concierge (z francúzštiny - komorník) v hotelových službách. Aký by mal byť správny concierge. Zamestnávanie concierge v "lepších" hoteloch. Kto môže vykonávať prácu concierge.
Saved in:
| Main Author: | |
|---|---|
| Format: | Book Chapter |
| Language: | Slovak |
| Subjects: | |
| Tags: |
No Tags, Be the first to tag this record!
|
MARC
| LEADER | 00000naa$a2200000$$$4500 | ||
|---|---|---|---|
| 001 | 0098534 | ||
| 005 | 20231011125332.9 | ||
| 041 | 0 | |a slo | |
| 044 | |a SK | ||
| 245 | 1 | 0 | |a Concierge |b vždy k službám |c Magdaléna Maceášiková |
| 520 | |a Úloha concierge (z francúzštiny - komorník) v hotelových službách. Aký by mal byť správny concierge. Zamestnávanie concierge v "lepších" hoteloch. Kto môže vykonávať prácu concierge. | ||
| 610 | 2 | 0 | |a hotely |
| 610 | 2 | 0 | |a hotelierstvo |
| 610 | 2 | 0 | |a služby |
| 610 | 2 | 0 | |a zamestnanci |
| 610 | 2 | 0 | |a klienti |
| 610 | 2 | 0 | |a práca |
| 610 | 2 | 0 | |a profesiografia |
| 100 | 1 | |a Maceášiková, Magdaléna | |